| 000 | 00992cpcaa2200253 4500 | ||
|---|---|---|---|
| 001 | mm 79005090 | ||
| 003 | DLC | ||
| 005 | 20260227111649.0 | ||
| 008 | 790209|||||||||||| eng | ||
| 010 | _amm 79005090 | ||
| 040 |
_aDLC _cDLC _edacs _dDLC |
||
| 072 | 7 |
_aL _2lcmd |
|
| 100 | 1 |
_aBurns, Robert, _d1759-1796. |
|
| 245 | 0 | 0 |
_aRobert Burns papers, _f1788-1859. |
| 300 |
_a6 _fitems. |
||
| 506 | 0 | _aOpen to research. | |
| 533 |
_aPositive and negative photocopies, typewritten transcripts, and facsimiles produced from originals in the Manuscript Division. _bWashington, D.C. : _cLibrary of Congress Photoduplication Service, _d1938-1942. |
||
| 545 | 0 | _aPoet. | |
| 546 | _aCollection material in English. | ||
| 580 | _aForms part of: Miscellaneous Manuscripts collection. | ||
| 656 | 7 |
_aPoets. _2itoamc |
|
| 999 |
_c41770 _d41770 |
||